00448cam a22001572 4500001001100000005001700011008004100028040001500069050002400084110003900108245003600147260003600183300001400219650005400233852000300287000001860720151217155857.0100216s xx 000 0 eng d aKABUcKABU 0aHG3393b.A1C46 20082 aCentral Bank of Kenya.@000015252210aBank supervision annual report. aNairobi :bCentral Bank,c2008. aix, 76 p. 0aBanks and bankingvPeriodicalzKenya.@00001525231